• 首页
  • 本馆介绍
  • 公告通知
  • 最新文献
  • 馆藏检索
  • 电子资源
  • 读者导购
  • 参考咨询
  • 我的图书馆
  • 登录
  • 详细信息显示
  • 放入我的书架
  • 预约/预借图书
  • 作者相关作品
  • 分类相关作品
  • 丛书相关作品
  • 出版社相关作品

书目信息

  • 表格格式
  • 工作单格式
  • 卡片格式
题名:
邓石如篆书
    
 
作者: 邓石如 书 ;历代碑帖法书选编辑组 编
分册:  
出版信息:    1982.4
页数: 1册
开本: 26cm
丛书名: 历代碑帖法书选
单 册:
中图分类: J292.26 , J292.31
科图分类:
主题词: 篆书-法帖--中国--清代 , 法帖-篆书--中国--清代
电子资源:
ISBN:
000 00864nam2 2200277 45
001 0193001737
005 20061114145555.65
010    @dCNY0.32
100    @a19930104e19921982em y0chiy0121 ea
101 0  @achi
105    @ay z 000yy
200 10 @a邓石如篆书@ADENG SHI RU ZHUAN SHU@f(清)邓石如书@F( QING ) DENG SHI RU SHU@g《历代碑帖法书选》编辑组编
205    @b影印本
210    @d1982.4
215    @a1册@d26cm
225 2  @a历代碑帖法书选
304    @a邓石如(1743~1805),原名琰,字石如,安徽怀宁人,清代中叶书法家
410  0 @120010@a历代碑帖法书选
606    @a篆书-法帖@y中国@z清代
606    @a法帖-篆书@y中国@z清代
690    @aJ292.26@v三版
690    @aJ292.31@v3
701  0 @a邓石如@ADENG SHI RU@4书
712 02 @a历代碑帖法书选编辑组@ALI DAI BEI TIE FA SHU XUAN BIAN JI ZU@4编
801  0 @aCN@bTSSF@c20061114
905    @a10447@dJ292.31@e221
    
    邓石如篆书/(清)邓石如书/《历代碑帖法书选》编辑组编.-影印本.-1982.4
    1册;26cm.-(历代碑帖法书选)
    
    
    ISBN :CNY0.32
    
●
相关链接 在E读中查询图书 在五车中查询图书 在当当中查询图书 在豆瓣中查询图书


正题名:邓石如篆书     索取号:J292.31/221         预约/预借

序号 登录号 条形码 馆藏地/架位号 状态 备注
1 0228363   001207606   第一样本阅览室/ [索取号:J292.31/221] 在馆    
唐山师范学院图书馆 欢迎您!
大连网信软件有限公司© 版权所有